Loading...
| Science - Chemistry | 0 | 4 | 1 | 0 | 35 | 23 | 41.75 | 3 | 4 | 22.97 | 34.71 |
| Fine Arts - Other | 0 | 3 | 0 | 1 | 30 | 121 | 126.67 | 0 | 1 | 0.88 | 8.02 |
| Social Science | 0 | 3 | 0 | 1 | 30 | 36 | 73.00 | 0 | 1 | 9.17 | 11.74 |
| Literature - British | 0 | 2 | 0 | 1 | 20 | 130 | 140.50 | 0 | 0 | 1.42 | 3.64 |
| Literature - World | 0 | 1 | 0 | 1 | 10 | 134 | 134.00 | 0 | 0 | 0.00 | 0.91 |
| Fine Arts - Painting and Sculpture | 0 | 1 | 0 | 0 | 10 | 73 | 73.00 | 0 | 1 | 3.74 | 7.44 |
| Fine Arts - Classical Music | 0 | 1 | 0 | 0 | 10 | 103 | 103.00 | 0 | 0 | 0.80 | 4.96 |
| Science - Biology | 0 | 1 | 0 | 0 | 10 | 76 | 76.00 | 0 | 0 | 2.18 | 5.79 |
| Religion | 0 | 0 | 3 | 0 | -15 | 0.00 | 0 | 0 | 0.00 | 0.00 |